| 000 | 00801nam a22002177a 4500 | ||
|---|---|---|---|
| 999 |
_c20876 _d20876 |
||
| 003 | AR-CdUCM | ||
| 008 | 190304b ||||| |||| 00| 0 spa d | ||
| 040 |
_aMUNICIPALIDAD PROVINCIAL DEL CUSCO _cBIBLIOTECA MUNICIPAL DEL CUSCO |
||
| 082 |
_a985.612 / _bCH43 |
||
| 100 |
_aHuarcaya Chevarria, Efrain _98571 |
||
| 245 |
_aMachupicchu : _bDevenir Historico y Cultural / |
||
| 260 |
_aCusco : _bUniversitaria, UNSAAC , _c1992. |
||
| 300 |
_a248 páginas ; _c23 cm. |
||
| 505 | _aContenido : Geografía, flora y fauna -- Historia y etnohistoria -- Arqueología -- Arquitectura -- Machupicchu en la poesía -- turismo. | ||
| 650 |
_aUrbanismo Incaico _98572 |
||
| 650 |
_aHistoria _9136 |
||
| 650 |
_aDescubrimiento _9249 |
||
| 650 |
_aArquitectura Incaica _98573 |
||
| 942 |
_2ddc _cLIBROS |
||
| 945 | _arcc | ||